00627nam a2200157Ia 4500008004100000100002500041245009200066245006400158260005300222260001800275300000800293650001500301856006100316999001900377952007300396170221s9999 xx 000 0 und d aVladimir L. Kurbatov aConceptual View of the Mechanism of Innovative Development by the Level in the Economy  cVladimir L. Kurbatov, Svetlana M. Naumenko, Maria V. Halina bInternational Review of Management and Marketing cNovember 2015 a4:4 xMarketing. uhttp://www.econjournals.com/index.php/irmm/issue/view/70 c310053d310053 001040aCLbCLd2017-02-21l0r2017-02-21 00:00:00w2017-02-21yFOJ